000
00378nam a2200145Ia 4500
008
100204s9999 xx 000 0 und d
082
_b
9456
100
_a
शहा सुभाष
245
_a
डूख
260
_b
"मधुर पब्लिकेशन , पुणे 2"
_c
1987
300
_a
160
630
_a
डूख
730
_a
डूख
942
_c
BOOK
999
_c
453892
_d
453889